000 00264nam a2200109Ia 4500
008 190216s9999||||xx |||||||||||||| ||und||
100 _aJanardhanan Pillay .cp
245 0 _aMathematics Part Ii
260 _bAjith Book Center
650 _aMathematics
942 _cBK
999 _c30580
_d30580